000
00409nam a2200145Ia 4500
008
100122s9999 xx 000 0 und d
082
_b
44900
_a
823
100
_a
काळे वैजयंती
245
_a
खानदान
260
_b
राजेंद्र पब्लिकेशन
_c
1990
300
_a
260
630
_a
खानदान
730
_a
खानदान
942
_c
BOOK
999
_c
424559
_d
424556